What is the impact of an obstruction of view on apartment prices? (Record no. 107418)
[ view plain ]
| 000 -LEADER | |
|---|---|
| fixed length control field | 01357cad a22002415a 4500 |
| 001 - CONTROL NUMBER | |
| control field | L140097 |
| 008 - FIXED-LENGTH DATA ELEMENTS--GENERAL INFORMATION | |
| fixed length control field | 070904e20070529xxkd f s 000 0 eng d |
| 035 ## - SYSTEM CONTROL NUMBER | |
| System control number | (Sirsi) u140097 |
| 041 0# - LANGUAGE CODE | |
| Language code of text/sound track or separate title | eng |
| 050 04 - LIBRARY OF CONGRESS CALL NUMBER | |
| Classification number | 333.337 $2 18 |
| 100 1# - MAIN ENTRY--PERSONAL NAME | |
| Personal name | Shi-Ming, Yu |
| 245 00 - TITLE STATEMENT | |
| Title | What is the impact of an obstruction of view on apartment prices? |
| Medium | [electronic resource] |
| 260 ## - PUBLICATION, DISTRIBUTION, ETC. | |
| Place of publication, distribution, etc. | London |
| Name of publisher, distributor, etc. | RICS |
| Date of publication, distribution, etc. | 2007 |
| 490 #0 - SERIES STATEMENT | |
| Series statement | RICS Findings in Built and Rural Environments |
| Volume/sequential designation | April 2007 |
| 520 ## - SUMMARY, ETC. | |
| Summary, etc. | Examines the effect upon residence prices of the view which can be seen from within. Seeks to demonstrate that obstructions to the view can have a negative effect on the value of a property. Uses the technique of intervention analysis to investigate the effects of an obstruction on two condominium projects in Singapore. Results show that the introduction of an obstruction had an immediate and lasting effect on property prices. The impact was of a pure jump function, leading to an 8% long term depression in price. |
| 590 ## - LOCAL NOTE (RLIN) | |
| Local note | KA |
| 651 #4 - SUBJECT ADDED ENTRY--GEOGRAPHIC NAME | |
| Geographic name | International |
| 690 ## - LOCAL SUBJECT ADDED ENTRY--TOPICAL TERM (OCLC, RLIN) | |
| Topical term or geographic name as entry element | RICS SERVICES-RICS ECONOMICS AND RESEARCH |
| 690 ## - LOCAL SUBJECT ADDED ENTRY--TOPICAL TERM (OCLC, RLIN) | |
| Topical term or geographic name as entry element | PROPERTY-RESIDENTIAL PROPERTY-DOMESTIC RESIDENTIAL PROPERTY-HOUSING-FLATS |
| 700 1# - ADDED ENTRY--PERSONAL NAME | |
| Personal name | Chee-Hian, Chai |
| 856 40 - ELECTRONIC LOCATION AND ACCESS | |
| Uniform Resource Identifier | <a href="https://www.rics.org/site/download_feed.aspx?fileID=3522&fileExtension=PDF">https://www.rics.org/site/download_feed.aspx?fileID=3522&fileExtension=PDF</a> |
| Public note | Broken link - not available |
| 942 ## - ADDED ENTRY ELEMENTS (KOHA) | |
| Suppress in OPAC | 0 |
| Withdrawn status | Lost status | Source of classification or shelving scheme | Damaged status | Not for loan | Home library | Current library | Shelving location | Date acquired | Total Checkouts | Full call number | Barcode | Date last seen | Copy number | Price effective from | Koha item type |
|---|---|---|---|---|---|---|---|---|---|---|---|---|---|---|---|
| Dewey Decimal Classification | Virtual | Virtual | Online | 04/09/2007 | ONLINE PUBLICATION | 140097-1001 | 06/08/2019 | 1 | 06/08/2019 | Book |